000 00377nam a22001457a 4500
003 SGT
082 _a617
_bS21A
100 _aADITYA
245 _aA STUDY TO EVALUATE MILLIGAN MORGAN HEMORROIDECTOMY VERSUS PILE SUTURE METHOD IN MANAGEMENTOF HEMORRHOIDS
260 _c2021
_aGURUGRAM
_bSGTU
300 _a96
650 _aGENERAL SURGERY
653 _aMS
942 _2ddc
_cTH
999 _c33182
_d33182